[Event "FRA-chT2 0910"]
[Site "France"]
[Date "2009.10.17"]
[Round "2.7"]
[White "Nord, Antoine"]
[Black "Cassem Chenai, Eric"]
[Result "0-1"]
[WhiteElo "1939"]
[BlackElo "1903"]
[PlyCount "94"]
[EventDate "2009.09.27"]
[EventType "team-tourn"]
[EventRounds "11"]
[EventCountry "FRA"]
[SourceTitle "EXT 2011"]
[Source "ChessBase"]
[SourceDate "2010.11.26"]
[SourceVersion "1"]
[SourceVersionDate "2010.11.26"]
[SourceQuality "1"]

1. e4 d6 2. d4 Nf6 3. Nc3 g6 4. f4 Bg7 5. Nf3 0-0 6. Bd3 c5 7. dxc5 dxc5 8. Be3 Qa5 9. 0-0 Rd8 10. Qe1 Nc6 11. e5 Ng4 12. Bd2 c4 13. Be4 Qb6+ 14. Kh1 Qxb2 15. h3 Nh6 16. Rb1 Qa3 17. Nb5 Qa4 18. Bxc6 bxc6 19. Nc7 Bf5 20. Nxa8 Rxa8 21. Nd4 Qxa2 22. Qc1 Qa6 23. Kh2 Be4 24. Qe1 Bd5 25. f5 c5 26. Nb5 Qc6 27. g4 Be4 28. f6 exf6 29. exf6 Bf8 30. Qh4 a6 31. Nc3 Bd6+ 32. Kg1 Bh1 33. Rf2 Be5 34. Qxh6 Bxf6 35. Qf4 Bd4 36. Be3 Bxc3 37. Qxf7+ Kh8 38. Rb7 Qxb7 39. Qxc4 Qb1+ 40. Rf1 Qb4 41. Qxb4 cxb4 42. Kxh1 a5 43. Rd1 a4 44. Bd2 Bxd2 45. Rxd2 a3 46. Rd1 Rc8 47. Rb1 a2 0-1